000 nam a22 7a 4500
999 _c219439
_d219439
003 Nust
005 20170208111910.0
008 170208b xxu||||| |||| 00| 0 eng d
040 _c0
050 _a628 KHA
082 _a628 KHA
100 _aKhan,Sana Zia
245 _aEffect Of Land Use Change On Hydrologic Parameters Using DHSVM
_cSana Zia Khan
260 _aRawalpindi
_bIESE (SCEE) NUST
_c2008.
300 _a108 p.
_bHB.
440 _aMS Environmental Engineering
500 _aThesis MS EE
650 _aEnvironmental Engineering
700 _4Dr. Michel ESTEVES , Dr.Irfan Aslam (Supervisor)
942 _2ddc
_cTHE
_kIESE